| 000 | 00535nam a2200169 u 4500 | ||
|---|---|---|---|
| 001 | 000025890 | ||
| 005 | 20200930024129.0 | ||
| 008 | 110224s1993 cl r 000 0 spa d | ||
| 020 | _a9586121623 | ||
| 040 |
_aDO-SdBNP _bspa _cBNPHU |
||
| 082 |
_axxxx _bA674m |
||
| 100 | 1 |
_aArciniegas, Triunfo _952749 |
|
| 245 | 1 | 0 |
_aLa muchacha de Transilvania y otras historias de amor / _cTriunfo Arciniegas. |
| 260 |
_aBogotá : _bEditorial Colcultura, _c1993. |
||
| 300 |
_a76 p. ; _c21 cm. |
||
| 586 | _aPremio nacional de cuento para niños, 1993 | ||
| 999 |
_c25382 _d25382 |
||